| 000 | 00548nab a2200217 a 4500 | ||
|---|---|---|---|
| 001 | 24072 | ||
| 003 | 79213 | ||
| 005 | 20201118100406.0 | ||
| 008 | ||||||n9999 ||| || || | ||
| 041 | _aspa | ||
| 100 | _aPerez Ramirez, Gustavo | ||
| 245 | 0 | _aLa paz en El Salvador: mandar desde abajo | |
| 260 |
_aBogotá : _bNueva Frontera, |
||
| 300 | _app. 24 | ||
| 562 | _e0 | ||
| 650 | _aANALISIS POLITICO | ||
| 650 | _aDEMOCRACIA PARTICIPATIVA | ||
| 650 | _aPROCESO DE PAZ | ||
| 773 |
_024069 _aNueva Frontera - No.918 |
||
| 942 | _cSART | ||
| 999 |
_c24072 _d24072 |
||